Sports Quiz

Random Sports Quiz
Score 0/28 Timer 06:00
0 Plays Today
Player % Correct
Robin van Persie
84%
Cesc Fabregas
79.8%
Emmanuel Adebayor
77.4%
Gareth Bale
77.1%
Manuel Almunia
75%
Luka Modric
70.6%
Heurelho Gomes
70.1%
Bacary Sagna
69.2%
Gael Clichy
68.2%
Theo Walcott
63.9%
Darren Bent
62.2%
William Gallas
60.8%
David Bentley
53.7%
Aaron Lennon
53%
Player % Correct
Samir Nasri
52.7%
Jermaine Jenas
48.3%
Alex Song
45.4%
Vedran Corluka
44.1%
Benoit Assou-Ekotto
43.5%
Tom Huddlestone
41.5%
Emmanuel Eboue
41.4%
Roman Pavlyuchenko
40.6%
Alan Hutton
37.8%
Denilson
36.1%
Abou Diaby
29.9%
Mikael Silvestre
25.2%
Jonathan Woodgate
24.1%
Chris Gunter
7.2%
Remove Ads.
Support Sporcle.
Get the best of Sporcle when you Go Orange. This ad-free experience offers more features, more stats, and more fun while also helping to support Sporcle. Thank you for becoming a member.

You're not logged in!

Compare scores with friends on all Sporcle quizzes.
OR
Log In

Show Comments

Extras

Top Quizzes Today


Score Distribution

Your Account Isn't Verified!

In order to create a playlist on Sporcle, you need to verify the email address you used during registration. Go to your Sporcle Settings to finish the process.

Report this User

Report this user for behavior that violates our Community Guidelines.

Details: